000 00795cas a22002537a 4500
005 20220329142037.0
008 990416d1982 mx ar pernn 0 a0b1spa d
010 _a77510
011 _a78482
035 _a88455
245 0 0 _aGermen
_c/por Sociedad Mexicana de Fitogenética, A.C.
260 0 _aChapingo, Méx. :
_bSociedad Mexicana de Fitogenética, A.C.,
_c1982-
300 _av.
310 _aAnual
362 1 _av.11, 1995.
590 _aBATCH-UPD
_b10
_c20130110
_lUCH01
_h0506
590 _aBATCH-UPD
_b10
_c20130410
_lUCH01
_h0144
590 _aBATCH-UPD
_b10
_c20130914
_lUCH01
_h1121
590 _aCONVERSION
_b10
_c20130109
_lUCH01
_h1343
650 0 4 _aCultivos
_xPublicaciones periódicas.
_930313
866 _an.1-11 (1982-1995)
901 _aSE
905 _aMarco A. Mendoza T.
999 _c77510
_d77510